书目信息 |
| 题名: |
世界著名乐团与歌剧院
|
|
| 作者: | 靳婕 编著 | |
| 分册: | ||
| 出版信息: | 北京 中国人民大学出版社 2016 |
|
| 页数: | 269页 | |
| 开本: | 21cm | |
| 丛书名: | 明德书系 | |
| 单 册: | ||
| 中图分类: | J609.1 , J891.3 | |
| 科图分类: | ||
| 主题词: | 乐队--le dui--介绍--世界 , 歌剧院--ge ju yuan--介绍--世界 | |
| 电子资源: | ||
| ISBN: | 978-7-300-21262-3 | |
| 000 | 01080nam0 22002891 450 | |
| 001 | 0109172433 | |
| 005 | 20170309172433.0 | |
| 010 | @a978-7-300-21262-3@dCNY39.80 | |
| 100 | @a20160325d2016 em y0chiy50 ea | |
| 101 | 0 | @achi |
| 102 | @aCN@b110000 | |
| 105 | @aa z 000yy | |
| 106 | @ar | |
| 200 | 1 | @a世界著名乐团与歌剧院@9shi jie zhu ming le tuan yu ge ju yuan@dThe world famous symphony orchestra and opera house@f靳婕编著@zeng |
| 210 | @a北京@c中国人民大学出版社@d2016 | |
| 215 | @a269页@c图@d21cm | |
| 225 | 2 | @a明德书系@9ming de shu xi@i艺术坊 |
| 330 | @a本书介绍了巴黎管弦乐团、维也纳爱乐乐团、柏林爱乐乐团、纽约大都会歌剧院、马林斯基剧院等世界著名乐团和歌剧院的历史、常任指挥、重要作品、艺术特色等。 | |
| 461 | 0 | @12001 @a明德书系@i艺术坊 |
| 510 | 1 | @aWorld famous symphony orchestra and opera house@zeng |
| 606 | 0 | @a乐队@9le dui@x介绍@y世界 |
| 606 | 0 | @a歌剧院@9ge ju yuan@x介绍@y世界 |
| 690 | @aJ609.1@v5 | |
| 690 | @aJ891.3@v5 | |
| 701 | 0 | @a靳婕@9jin jie@f(1969~)@4编著 |
| 801 | 0 | @aCN@bTANGWEI@c20170308 |
| 905 | @b0953552-5@dJ609.1@e717@f4 | |
| 世界著名乐团与歌剧院=The world famous symphony orchestra and opera house/靳婕编著.-北京:中国人民大学出版社,2016 |
| 269页:图;21cm.-(明德书系.艺术坊) |
| ISBN 978-7-300-21262-3:CNY39.80 |
| 本书介绍了巴黎管弦乐团、维也纳爱乐乐团、柏林爱乐乐团、纽约大都会歌剧院、马林斯基剧院等世界著名乐团和歌剧院的历史、常任指挥、重要作品、艺术特色等。 |
| ● |
| 相关链接 |
|
|
|
|
正题名:世界著名乐团与歌剧院
索取号:J609.1/717
 
预约/预借
| 序号 | 登录号 | 条形码 | 馆藏地/架位号 | 状态 | 备注 |
| 1 | 0953552 | 209535528 | 第一样本阅览室/ [索取号:J609.1/717] | 在馆 | |
| 2 | 0953553 | 209535537 | 第一借阅区/ [索取号:J609.1/717] | 在馆 | |
| 3 | 0953554 | 209535546 | 第一借阅区/ [索取号:J609.1/717] | 在馆 | |
| 4 | 0953555 | 209535555 | 第一借阅区/ [索取号:J609.1/717] | 在馆 |